Countries closest to Mumbai,India - Statistics

General Stats
  • This quiz has been taken 17 times
  • The average score is 18 of 20
Answer Stats
Continent Country Distance
(MI/KM)
% Correct
Asia Bhutan 1,216 MI1,812 KM
100%
Asia Nepal 994 MI1,599 KM
100%
Asia Pakistan 1,014 MI1,776 KM
100%
Asia Sri Lanka 952 MI1,532 KM
100%
Asia Thailand 1,869 MI3,008 KM
100%
Asia Bangladesh 1,180 MI1,899 KM
93%
Asia Cambodia 2,201 MI3,542 KM
93%
Asia Maldives 1,016 MI1,636 KM
93%
Asia Myanmar 1,517 MI2,441 KM
93%
Asia Oman 983 MI1,581 KM
93%
Asia Vietnam 2,146 MI3,454 KM
93%
Asia Afghanistan 1,096 MI1,763 KM
87%
Asia Iran 1,747 MI2,811 KM
87%
Asia Laos 1,956 MI3,149 KM
87%
Asia Saudi Arabia 1,722 MI2,851 KM
87%
Asia United Arab Emirates 1,243 MI2,000 KM
87%
Asia Qatar 1,430 MI2,301 KM
80%
Asia Tajikistan 1,374 MI2,211 KM
80%
Asia Bahrain 1,504 MI2,420 KM
73%
Asia Uzbekistan 1,554 MI2,501 KM
53%
No matching quizzes found
Score Distribution
Percent of People with Each Score
Percentile by Number Answered
Your Score History
You have not taken this quiz